| 000 | 00000nam##2200000za#4500 |
| 001 | 9.643949 |
| 003 | CaOODSP |
| 005 | 20210624224420 |
| 007 | cr ||||||||||| |
| 008 | 150407|2003||||xxc|||||o f|0| 0 fre|d |
| 040 | |aCaOODSP|bfre |
| 043 | |an-cn--- |
| 086 | 1 |aP35-144/2003F-PDF |
| 110 | 1 |aCanada. |bTravaux publics et services gouvernementaux Canada. |
| 245 | 10|aPratiques de coaching pour gestionnaires / |h[ressource électronique]|c[au nom du] Gouvernement du Canada. |
| 260 | |aOttawa - Ontario : |bTravaux publics et Services gouvernementaux Canada |c2003. |
| 300 | |a26p.|btableaux |
| 500 | |aLe n° de catalogue (P35-144/2003) et l'ISBN (0-662-67340-9) de l'édition imprimée bilingue ont été copiés dans l'édition électronique. |
| 590 | |a14-19-Supp|b2014-11-03 |
| 691 | 07|aAssistance professionnelle|2gcpds |
| 691 | 07|aGestion|2gcpds |
| 775 | 08|tCoaching practices for managers / |w(CaOODSP)9.700036 |
| 856 | 40|ahttp://publications.gc.ca|qPDF|s1.18 Mo|uhttps://publications.gc.ca/collections/collection_2014/tpsgc-pwgsc/P35-144-2003-fra.pdf |